[Event "West European subzonal 1B (w)"]
[Site "Budel NED"]
[Date "1987.05.20"]
[Round "1"]
[White "Bruinenberg, Carla"]
[Black "Drewes, Mariette"]
[Result "1/2-1/2"]
[WhiteElo "2175"]
[BlackElo "2035"]
[EventDate "1987.05.20"]
[PlyCount "73"]

1.Nf3 d5 2.c4 c6 3.d4 Nf6 4.Nc3 dxc4 5.a4 Bf5 6.e3 e6 7.Bxc4 Bb4 8.O-O 
Nbd7 9.Qb3 a5 10.Rd1 Qc7 11.Bd2 Bg4 12.Be2 e5 13.Ng5 O-O 14.Bxg4 Nxg4 15.
Qc2 Ngf6 16.Nd5 Qd6 17.Bxb4 axb4 18.dxe5 Qxe5 19.f4 Qe8 20.Nxb4 Qxe3+ 21.
Qf2 Qxf2+ 22.Kxf2 Nc5 23.a5 h6 24.Nf3 Nfe4+ 25.Kg1 Rfd8 26.Ne5 Nb3 27.
Rxd8+ Rxd8 28.Re1 Rd4 29.Nc2 Ra4 30.a6 bxa6 31.Nxc6 Rc4 32.N2b4 a5 33.Nd5 
Kf8 34.Ne5 Rc1 35.Rxc1 Nxc1 36.Nc6 Nb3 37.Nb6 1/2-1/2

[Event "West European subzonal 1B (w)"]
[Site "Budel NED"]
[Date "1987.05.20"]
[Round "1"]
[White "De Greef, Heleen"]
[Black "Vreeken, Corry"]
[Result "0-1"]
[WhiteElo "2235"]
[BlackElo "2155"]
[EventDate "1987.05.20"]
[PlyCount "78"]

1.e4 e5 2.Nf3 Nc6 3.d4 exd4 4.Nxd4 Bc5 5.Be3 Qf6 6.c3 Nge7 7.Qd2 d5 8.Nb5 
Bxe3 9.Qxe3 O-O 10.Nxc7 Rb8 11.Nxd5 Nxd5 12.exd5 Nb4 13.cxb4 Qxb2 14.Bd3 
Qxa1 15.O-O Qxa2 16.Nc3 Qa3 17.Qd4 a5 18.bxa5 Qxa5 19.Nb5 Bd7 20.Nd6 b5 
21.Qh4 f5 22.Qe7 Qd8 23.Qxd8 Rfxd8 24.Nxf5 Bxf5 25.Bxf5 b4 26.Rb1 Kf8 27.
Be6 Ke7 28.Kf1 b3 29.Rb2 Rd6 30.Ke2 Rdb6 31.Kd3 Kd6 32.Kc3 R8b7 33.Kd3 Rc7
34.Kd2 Rb4 35.g3 Rc5 36.f3 Ke5 37.Bg8 Rd4+ 38.Ke1 Rc1+ 39.Ke2 Rc2+ 0-1

[Event "West European subzonal 1B (w)"]
[Site "Budel NED"]
[Date "1987.05.20"]
[Round "1"]
[White "Tagnon, Nicole"]
[Black "Flear, Christine"]
[Result "0-1"]
[WhiteElo "2150"]
[BlackElo "2130"]
[EventDate "1987.05.20"]
[PlyCount "58"]

1.e4 e5 2.f4 Bc5 3.Nf3 d6 4.c3 Nf6 5.fxe5 dxe5 6.Nxe5 O-O 7.d4 Bb6 8.Bc4 
Qe8 9.Qe2 c5 10.Be3 cxd4 11.cxd4 Nxe4 12.O-O Nd6 13.Bb3 Nd7 14.Qf2 Nxe5 
15.dxe5 Qxe5 16.Bxb6 axb6 17.Qxb6 Ra6 18.Qf2 Ne4 19.Qe3 Rh6 20.Rf4 Qxb2 
21.Qxe4 Qxa1 22.Rxf7 Be6 23.Bxe6 Rxf7 24.Bd5 Kf8 25.Qb4+ Re7 26.Bxb7 Qe5 
27.h3 Qe1+ 28.Qxe1 Rxe1+ 29.Kf2 Rxb1 0-1

[Event "West European subzonal 1B (w)"]
[Site "Budel NED"]
[Date "1987.05.21"]
[Round "2"]
[White "Bruinenberg, Carla"]
[Black "De Greef, Heleen"]
[Result "1/2-1/2"]
[WhiteElo "2175"]
[BlackElo "2235"]
[EventDate "1987.05.20"]
[PlyCount "100"]

1.d4 Nf6 2.c4 g6 3.g3 Bg7 4.Bg2 d5 5.Nf3 O-O 6.O-O c6 7.Qb3 dxc4 8.Qxc4 
Nbd7 9.Qc2 Nb6 10.Nc3 Bg4 11.Rd1 Qc8 12.Ng5 h6 13.Nge4 Nfd5 14.Nc5 Nxc3 
15.bxc3 Nd7 16.h3 Nxc5 17.hxg4 Na6 18.Rb1 Nc7 19.Bf3 Ne6 20.Kg2 Ng5 21.
Bxg5 hxg5 22.Rh1 b6 23.Qd2 e5 24.Qd1 Rd8 25.Qg1 Qe6 26.e4 exd4 27.cxd4 
Rxd4 28.Qc1 Rad8 29.Qxg5 Rd3 30.Rbd1 Qf6 31.Qxf6 Bxf6 32.Rxd3 Rxd3 33.e5 
Bxe5 34.Bxc6 Rd2 35.a4 Bd4 36.Rf1 Ra2 37.Kf3 Bc5 38.Kg2 Kg7 39.Kf3 Rc2 40.
Kg2 Kf6 41.Be8 Kg7 42.Bd7 Ra2 43.Bb5 a6 44.Bxa6 Rxa4 45.Be2 Ra2 46.Kf3 Kf6
47.Rd1 Rb2 48.Rd8 Ke7 49.Rd5 f6 50.Rd1 Ke6 1/2-1/2

[Event "West European subzonal 1B (w)"]
[Site "Budel NED"]
[Date "1987.05.21"]
[Round "2"]
[White "Tagnon, Nicole"]
[Black "Lebel-Arias, Julia"]
[Result "1/2-1/2"]
[WhiteElo "2150"]
[BlackElo "2150"]
[EventDate "1987.05.20"]
[PlyCount "133"]

1.e4 c5 2.Nf3 e6 3.d4 cxd4 4.Nxd4 Bc5 5.Nb3 Bb6 6.Be2 Nc6 7.O-O Nge7 8.Nc3
a6 9.Bg5 O-O 10.Rc1 Qc7 11.Bh4 f5 12.Bxe7 Nxe7 13.exf5 Nxf5 14.Bd3 Qf4 15.
Qh5 g6 16.Qh3 d5 17.Ne2 Qg5 18.Bxf5 Qxf5 19.Qxf5 Rxf5 20.Nbd4 Rf6 21.f4 
Bd7 22.Kh1 Raf8 23.Rf3 Bxd4 24.Nxd4 Rxf4 25.Rcf1 g5 26.g3 R4f7 27.Kg2 g4 
28.Rxf7 Rxf7 29.Re1 Rf6 30.Re5 Kf7 31.c3 Rg6 32.Ne2 Kf6 33.Rh5 Rg7 34.Kf2 
e5 35.Rh6+ Kg5 36.Rd6 Bc6 37.Re6 Rf7+ 38.Ke1 Kf5 39.Rh6 Bb5 40.Rh5+ Ke4 
41.Rg5 Bd7 42.Nc1 Bf5 43.Ke2 d4 44.Nd3 Kd5 45.cxd4 Kxd4 46.Nf2 h6 47.Rg8 
h5 48.Rd8+ Rd7 49.Rh8 Bg6 50.Rg8 Bf7 51.Rg5 Rc7 52.Kd2 e4 53.Nd1 Rc6 54.
Ne3 Bxa2 55.Rxh5 Be6 56.Rg5 Rb6 57.Nc2+ Kc4 58.Re5 Rd6+ 59.Ke2 Bd5 60.Ne3+
Kd4 61.Rg5 Be6 62.Nc2+ Kc4 63.Re5 Bd5 64.Ne3+ Kd4 65.Rg5 Be6 66.Nc2+ Kc4 
67.Re5 1/2-1/2

[Event "West European subzonal 1B (w)"]
[Site "Budel NED"]
[Date "1987.05.21"]
[Round "2"]
[White "Vreeken, Corry"]
[Black "Drewes, Mariette"]
[Result "1-0"]
[WhiteElo "2155"]
[BlackElo "2035"]
[EventDate "1987.05.20"]
[PlyCount "69"]

1.e4 e6 2.d4 d5 3.Nc3 Nf6 4.e5 Nfd7 5.f4 c5 6.Nf3 Nc6 7.Be3 a6 8.Qd2 Be7 
9.Bd3 b5 10.dxc5 Nxc5 11.Qf2 Na4 12.Nxa4 bxa4 13.c3 Qc7 14.O-O Rb8 15.Rab1
Na5 16.Bd4 Qc6 17.h4 g6 18.h5 Bd7 19.Ng5 Qc8 20.Qh4 Bb5 21.Bxb5+ axb5 22.
hxg6 fxg6 23.Qh3 Bxg5 24.fxg5 Rb7 25.Rf6 Re7 26.Rbf1 Kd7 27.Qh6 Kc6 28.Rf7
Rhe8 29.Qxh7 Qd7 30.Qxg6 Nc4 31.R1f2 Rxf7 32.Rxf7 Re7 33.Rxe7 Qxe7 34.Qf6 
Kd7 35.g6 1-0

[Event "West European subzonal 1B (w)"]
[Site "Budel NED"]
[Date "1987.05.22"]
[Round "3"]
[White "Drewes, Mariette"]
[Black "De Greef, Heleen"]
[Result "0-1"]
[WhiteElo "2035"]
[BlackElo "2235"]
[EventDate "1987.05.20"]
[PlyCount "114"]

1.e4 e6 2.d4 d5 3.Nc3 dxe4 4.Nxe4 Nf6 5.Bg5 Be7 6.Bxf6 gxf6 7.Nf3 b6 8.
Bb5+ c6 9.Bd3 Bb7 10.Qd2 h6 11.Qf4 f5 12.Ned2 Qd6 13.Qxd6 Bxd6 14.Nc4 Be7 
15.Be2 Nd7 16.Nfe5 Nxe5 17.Nxe5 Rg8 18.Bf3 Rc8 19.a4 Ba8 20.a5 b5 21.Nd3 
c5 22.Bxa8 Rxa8 23.Nxc5 Rxg2 24.b4 Bh4 25.Nd3 Rc8 26.O-O-O Bxf2 27.Nxf2 
Rxf2 28.Rd2 Rf4 29.Re1 Re4 30.Rde2 Rxd4 31.Re5 a6 32.Rxf5 Rxb4 33.Rh5 Ra4 
34.Kb2 Rxa5 35.Rxh6 Rc4 36.Rf6 Raa4 37.Ref1 Rc7 38.Rh6 Rb4+ 39.Kc1 Rbc4 
40.Rf2 R4c6 41.Rhf6 e5 42.R6f5 Re6 43.Re2 e4 44.Kb2 f6 45.Rh5 Rf7 46.Rf5 
Ke7 47.Kc3 Rh7 48.Rf4 Rh3+ 49.Kb4 e3 50.c4 bxc4 51.Kxc4 Rh5 52.Rg4 f5 53.
Rf4 Kf6 54.Kd5 Rh8 55.Rf3 Rd8+ 56.Kc4 Re4+ 57.Kc3 f4 0-1

[Event "West European subzonal 1B (w)"]
[Site "Budel NED"]
[Date "1987.05.22"]
[Round "3"]
[White "Flear, Christine"]
[Black "Lebel-Arias, Julia"]
[Result "1/2-1/2"]
[WhiteElo "2130"]
[BlackElo "2150"]
[EventDate "1987.05.20"]
[PlyCount "34"]

1.d4 g6 2.c4 Bg7 3.Nc3 d6 4.e4 e5 5.dxe5 dxe5 6.Qxd8+ Kxd8 7.f4 Be6 8.Nf3 
Nd7 9.Ng5 exf4 10.Nd5 c6 11.Nxf4 Ke7 12.Be2 Bd4 13.Rf1 Ne5 14.Nfxe6 fxe6 
15.Bd2 Nf6 16.O-O-O c5 17.Nf3 Nxf3 1/2-1/2

[Event "West European subzonal 1B (w)"]
[Site "Budel NED"]
[Date "1987.05.22"]
[Round "3"]
[White "Vreeken, Corry"]
[Black "Bruinenberg, Carla"]
[Result "1-0"]
[WhiteElo "2155"]
[BlackElo "2175"]
[EventDate "1987.05.20"]
[PlyCount "113"]

1.e4 e6 2.d4 d5 3.Nc3 Bb4 4.e5 Qd7 5.Bd2 b6 6.Bb5 c6 7.Ba4 a5 8.a3 Bxc3 9.
Bxc3 b5 10.Bb3 Ne7 11.Bd2 Qa7 12.c3 Nd7 13.Bc2 f6 14.exf6 Nxf6 15.Nf3 O-O 
16.O-O c5 17.Re1 Nf5 18.Bg5 h6 19.Bxf5 exf5 20.Bxf6 Rxf6 21.Re8+ Kf7 22.
Qe2 Re6 23.Rxe6 Bxe6 24.Re1 Re8 25.Ne5+ Kg8 26.Qxb5 Rc8 27.dxc5 Qxc5 28.
Qxc5 Rxc5 29.Nf3 Bf7 30.Nd4 f4 31.Re7 Rc8 32.Ra7 Rb8 33.b4 Rc8 34.Rxa5 
Rxc3 35.Ra8+ Kh7 36.h4 Rc4 37.Nf3 d4 38.Rd8 Rc3 39.Rxd4 Rxa3 40.Rxf4 Bd5 
41.h5 Bc6 42.Ne5 Be8 43.g4 Ra1+ 44.Kh2 Re1 45.Nf3 Rb1 46.Rf8 Bc6 47.Ne5 
Be4 48.Rb8 Rb2 49.Kg3 Re2 50.f3 Bc2 51.Kf4 Rd2 52.b5 Rd4+ 53.Ke3 Rd5 54.f4
Bb1 55.b6 Rb5 56.b7 Rb4 57.Nf7 1-0

[Event "West European subzonal 1B (w)"]
[Site "Budel NED"]
[Date "1987.05.23"]
[Round "4"]
[White "Bruinenberg, Carla"]
[Black "Tagnon, Nicole"]
[Result "0-1"]
[WhiteElo "2175"]
[BlackElo "2150"]
[EventDate "1987.05.20"]
[PlyCount "82"]

1.d4 Nf6 2.c4 e5 3.dxe5 Ng4 4.Nf3 Bc5 5.e3 Nc6 6.a3 a5 7.Bd2 O-O 8.Bc3 Re8
9.Bd3 Qe7 10.Qc2 h6 11.O-O Ncxe5 12.Nxe5 Nxe5 13.Be2 d6 14.Nd2 Ng4 15.Bxg4
Bxg4 16.Bd4 Bxd4 17.exd4 Qf6 18.d5 Re2 19.Rae1 Rae8 20.Rxe2 Rxe2 21.Qd3 
Qxb2 22.Nb3 a4 23.Nc1 Re8 24.f3 Qb6+ 25.Kh1 Bh5 26.Ne2 Bg6 27.Qd2 Qe3 28.
Qxe3 Rxe3 29.Nf4 Rxa3 30.h4 Rc3 31.h5 Bf5 32.g4 Bd7 33.Re1 Kf8 34.Nh3 a3 
35.Kg2 Rxc4 36.Ra1 Rc2+ 37.Kg3 a2 38.Nf2 Bb5 39.Nd1 Bd3 40.Ne3 Re2 41.Kf4 
Bb1 0-1

[Event "West European subzonal 1B (w)"]
[Site "Budel NED"]
[Date "1987.05.23"]
[Round "4"]
[White "De Greef, Heleen"]
[Black "Lebel-Arias, Julia"]
[Result "1/2-1/2"]
[WhiteElo "2235"]
[BlackElo "2150"]
[EventDate "1987.05.20"]
[PlyCount "73"]

1.e4 a6 2.d4 b5 3.c3 Bb7 4.Bd3 e6 5.Nf3 c5 6.O-O d6 7.a4 c4 8.Bc2 Nd7 9.
Re1 Ngf6 10.Na3 Be7 11.Rb1 Qa5 12.axb5 axb5 13.e5 dxe5 14.Nxe5 Nxe5 15.
Rxe5 Bd5 16.Qe2 O-O 17.Bg5 Rfe8 18.Re3 g6 19.Rh3 b4 20.cxb4 Qxb4 21.Qd2 
Qxd2 22.Bxd2 Ne4 23.Nxc4 Nxd2 24.Nxd2 Bf6 25.Bb3 Bxd4 26.Rd3 Bxb3 27.Rxb3 
Red8 28.Nf3 Bf6 29.h3 Rd7 30.Rb5 Kg7 31.b3 Ra2 32.Rc5 Rda7 33.Rcc1 Re2 34.
Re1 Rc2 35.Rec1 Re2 36.Re1 Rc2 37.Rec1 1/2-1/2

[Event "West European subzonal 1B (w)"]
[Site "Budel NED"]
[Date "1987.05.23"]
[Round "4"]
[White "Drewes, Mariette"]
[Black "Flear, Christine"]
[Result "1-0"]
[WhiteElo "2035"]
[BlackElo "2130"]
[EventDate "1987.05.20"]
[PlyCount "59"]

1.e4 e5 2.Nf3 Nc6 3.Bb5 Nd4 4.Nxd4 exd4 5.d3 Bc5 6.O-O c6 7.Qh5 Bb6 8.Bc4 
Qf6 9.f4 Qg6 10.Qe5+ Kd8 11.f5 Qf6 12.Qxf6+ gxf6 13.Bxf7 Ne7 14.Bh6 Kc7 
15.Bg7 Rd8 16.Bxf6 Rf8 17.Bxe7 Rxf7 18.Bh4 d6 19.Nd2 Bd7 20.Nf3 h6 21.Bf2 
c5 22.g4 Rg8 23.h3 Kc8 24.Bg3 Bc7 25.Kf2 Bc6 26.Bf4 Rh7 27.Rg1 Kd7 28.h4 
Bd8 29.g5 h5 30.g6 1-0

[Event "West European subzonal 1B (w)"]
[Site "Budel NED"]
[Date "1987.05.25"]
[Round "5"]
[White "Flear, Christine"]
[Black "Bruinenberg, Carla"]
[Result "1/2-1/2"]
[WhiteElo "2130"]
[BlackElo "2175"]
[EventDate "1987.05.20"]
[PlyCount "126"]

1.d4 Nf6 2.c4 c5 3.d5 b5 4.cxb5 a6 5.e3 Bb7 6.Nc3 Qa5 7.Bd2 axb5 8.Bxb5 
Qb6 9.Qb3 e6 10.Nge2 exd5 11.O-O Bd6 12.f4 O-O 13.Kh1 Re8 14.Ng3 Nc6 15.
Na4 Qc7 16.Be2 Rab8 17.Qc2 Na5 18.Rac1 Nc4 19.Nf5 Bf8 20.Bf3 Bc6 21.Bc3 
Ne4 22.b3 Bxa4 23.bxa4 g6 24.Bxe4 dxe4 25.Qf2 Qc6 26.Qg3 d5 27.Qg5 Qd7 28.
Qf6 d4 29.Nxd4 Bg7 30.Qc6 Qxc6 31.Nxc6 Nxe3 32.Rfe1 Bxc3 33.Rxc3 Rbc8 34.
Na7 Nd5 35.Rc4 Rc7 36.Nb5 Rce7 37.Rxc5 Nxf4 38.Rc4 Nd3 39.Re3 f5 40.Kg1 f4
41.Re2 g5 42.Nd6 Rb8 43.h4 Rb1+ 44.Kh2 Re6 45.Nxe4 g4 46.g3 f3 47.Rd2 Re1 
48.Rxd3 R1xe4 49.Rxe4 Rxe4 50.Kg1 Re1+ 51.Kf2 Re2+ 52.Kf1 Rxa2 53.Rd4 h5 
54.Rd5 Rg2 55.a5 Ra2 56.Rxh5 Ra1+ 57.Kf2 Ra2+ 58.Ke1 Ra1+ 59.Kf2 Ra2+ 60.
Kf1 Ra1+ 61.Kf2 Ra2+ 62.Ke3 Ra3+ 63.Kf2 Ra2+ 1/2-1/2

[Event "West European subzonal 1B (w)"]
[Site "Budel NED"]
[Date "1987.05.25"]
[Round "5"]
[White "Lebel-Arias, Julia"]
[Black "Vreeken, Corry"]
[Result "1-0"]
[WhiteElo "2150"]
[BlackElo "2155"]
[EventDate "1987.05.20"]
[PlyCount "93"]

1.d4 Nf6 2.f4 g6 3.Nf3 Bg7 4.e3 b6 5.Nbd2 Bb7 6.Bd3 d5 7.Ne5 c5 8.c3 Nbd7 
9.Qf3 e6 10.O-O Rc8 11.a4 O-O 12.g4 Nxe5 13.fxe5 Nd7 14.Qh3 Qe7 15.Nf3 f5 
16.Bd2 Rfe8 17.Be1 Nf8 18.Bh4 Qc7 19.Bf6 c4 20.Bc2 Bc6 21.Ng5 Rb8 22.gxf5 
exf5 23.Bxg7 Qxg7 24.Rf2 Ne6 25.Nxe6 Rxe6 26.Rg2 Rf8 27.Rf1 Ree8 28.Rxf5 
Bd7 29.Rxf8+ Rxf8 30.Qh4 Qf7 31.Rf2 Qxf2+ 32.Qxf2 Rxf2 33.Kxf2 Kg7 34.Kf3 
g5 35.e4 Bc6 36.exd5 Bxd5+ 37.Be4 Bf7 38.Bc6 Bg6 39.d5 Kf8 40.d6 Bf5 41.
Bd5 Bd7 42.e6 Bxa4 43.Bxc4 h5 44.Ke4 g4 45.Kf5 Bc6 46.Kf6 Ke8 47.Bd3 1-0

[Event "West European subzonal 1B (w)"]
[Site "Budel NED"]
[Date "1987.05.25"]
[Round "5"]
[White "Tagnon, Nicole"]
[Black "De Greef, Heleen"]
[Result "1/2-1/2"]
[WhiteElo "2150"]
[BlackElo "2235"]
[EventDate "1987.05.20"]
[PlyCount "85"]

1.e4 e6 2.d4 d5 3.Nd2 a6 4.Ngf3 c5 5.exd5 exd5 6.Be2 cxd4 7.O-O Bd6 8.Re1 
Ne7 9.Nxd4 Nbc6 10.N2b3 O-O 11.c3 Ng6 12.Be3 Re8 13.Qd2 Bc7 14.Bf1 Nce5 
15.Bf4 Bg4 16.Bg3 h5 17.h3 Bd7 18.Nc5 h4 19.Bxe5 Nxe5 20.Nxd7 Qxd7 21.Qg5 
Qd6 22.Qxh4 Ng6 23.Qg3 Qb6 24.Qf3 Rxe1 25.Rxe1 Qxb2 26.Qxd5 Qxc3 27.Nf3 
Qb4 28.Qd7 Qf4 29.g3 Qd6 30.Qxd6 Bxd6 31.Rd1 Rd8 32.h4 Kf8 33.Bc4 f6 34.
Bb3 Bc7 35.Rc1 Bb6 36.Kg2 Ne5 37.Nxe5 fxe5 38.Rc2 Ke7 39.Re2 Bd4 40.Kf3 
Rf8+ 41.Kg2 Kd6 42.f3 Rc8 43.Rc2 1/2-1/2

[Event "West European subzonal 1B (w)"]
[Site "Budel NED"]
[Date "1987.05.26"]
[Round "6"]
[White "De Greef, Heleen"]
[Black "Flear, Christine"]
[Result "1/2-1/2"]
[WhiteElo "2235"]
[BlackElo "2130"]
[EventDate "1987.05.20"]
[PlyCount "78"]

1.e4 e5 2.Nf3 Nc6 3.d4 exd4 4.Nxd4 Qf6 5.Nb3 Qg6 6.Nc3 Bb4 7.f3 Bxc3+ 8.
bxc3 Nf6 9.Ba3 d6 10.Qd2 a6 11.c4 O-O 12.O-O-O Be6 13.Bb2 Nd7 14.h4 f6 15.
f4 Qf7 16.c5 Nxc5 17.Nxc5 dxc5 18.Qc3 Qe7 19.Bc4 b5 20.Bxe6+ Qxe6 21.Qxc5 
Qxe4 22.Kb1 Rad8 23.Rde1 Qd5 24.Qxd5+ Rxd5 25.Re6 Rd6 26.Rxd6 cxd6 27.Rd1 
Rd8 28.g4 Kf7 29.g5 Ne7 30.h5 Nf5 31.Rd3 Re8 32.Ra3 fxg5 33.fxg5 Re1+ 34.
Bc1 Rh1 35.Rxa6 Rxh5 36.Rb6 Ke6 37.Rxb5 Nd4 38.Rb7 g6 39.a4 Rh1 1/2-1/2

[Event "West European subzonal 1B (w)"]
[Site "Budel NED"]
[Date "1987.05.26"]
[Round "6"]
[White "Drewes, Mariette"]
[Black "Lebel-Arias, Julia"]
[Result "0-1"]
[WhiteElo "2035"]
[BlackElo "2150"]
[EventDate "1987.05.20"]
[PlyCount "62"]

1.e4 g6 2.d4 Bg7 3.c3 c6 4.Bd3 d6 5.Nf3 Nh6 6.O-O O-O 7.Qe2 f6 8.Nbd2 e5 
9.Re1 Nf7 10.Nf1 Qe7 11.Ng3 Nd7 12.Bd2 Re8 13.Rad1 Nf8 14.Bc4 Be6 15.dxe5 
dxe5 16.Be3 b6 17.Bc1 Rad8 18.Nd2 Nd6 19.Bxe6+ Qxe6 20.b3 Rd7 21.Nf3 Red8 
22.Qc2 Qf7 23.Ba3 Nb5 24.Bb2 Ne6 25.Kf1 Nf4 26.Rxd7 Qxd7 27.Ne2 Ne6 28.Nc1
Bh6 29.a4 Nbc7 30.Ba3 Nf4 31.Bb2 Qg4 0-1

[Event "West European subzonal 1B (w)"]
[Site "Budel NED"]
[Date "1987.05.26"]
[Round "6"]
[White "Vreeken, Corry"]
[Black "Tagnon, Nicole"]
[Result "0-1"]
[WhiteElo "2155"]
[BlackElo "2150"]
[EventDate "1987.05.20"]
[PlyCount "210"]

1.e4 c5 2.Nf3 e6 3.d4 cxd4 4.Nxd4 a6 5.Bd3 Nf6 6.O-O d6 7.f4 Nbd7 8.Kh1 
Qc7 9.Nc3 b5 10.Qe2 Bb7 11.a3 Be7 12.Nf3 O-O 13.f5 exf5 14.exf5 Ne5 15.Nd4
Rfe8 16.Bf4 Bf8 17.Qf2 Neg4 18.Qg3 Qb6 19.Nce2 Ne5 20.Rad1 Nh5 21.Qg5 Nxf4
22.Rxf4 Qd8 23.f6 Ng6 24.Bxg6 hxg6 25.Rdf1 Re5 26.Qg3 Bd5 27.Qf2 gxf6 28.
Rxf6 Qd7 29.Nf4 Bc4 30.Nd3 Bg7 31.Rf3 Re4 32.Ne2 Rae8 33.Nef4 Bd4 34.Qh4 
R4e7 35.Rh3 Bg7 36.b3 Bxd3 37.Rxd3 Re4 38.Rh3 Qf5 39.g4 Qe5 40.Qf2 Qe7 41.
Nd5 Qb7 42.c4 bxc4 43.bxc4 Rxc4 44.Qg2 Rce4 45.Rd3 Qb5 46.Qf3 Qd7 47.h3 
R8e6 48.Rb3 Re1 49.Rxe1 Rxe1+ 50.Kg2 Qa7 51.Qf2 Qxf2+ 52.Kxf2 Rd1 53.Nb4 
Rd2+ 54.Kf3 Rh2 55.Ke4 Rb2 56.Rd3 a5 57.Nc6 a4 58.Rxd6 Rb3 59.Rd8+ Kh7 60.
Rd3 Bf8 61.Rxb3 axb3 62.Kd3 Bxa3 63.Nd4 b2 64.Kc2 Kh6 65.h4 Kg7 66.Nb5 Be7
67.Kxb2 Bxh4 68.Kc2 Kf6 69.Nd6 Ke6 70.Nc4 Bg5 71.Kc3 Kd5 72.Kd3 Bh6 73.Kc3
Bf4 74.Kd3 Bc1 75.Kc3 Bh6 76.Kd3 Bf4 77.Nb2 Bg5 78.Nc4 Bh6 79.Kc3 Bf8 80.
Kd3 Bc5 81.Nd2 Ke5 82.Ne4 Bb6 83.Ng5 f6 84.Ne4 Ba7 85.Nc3 Kf4 86.Nd5+ Ke5 
87.Nc3 Bd4 88.Ne2 Bc5 89.Nc3 g5 90.Ne4 Ba7 91.Nc3 Bb6 92.Ne4 Ba7 93.Nc3 
Kf4 94.Nd5+ Kxg4 95.Nxf6+ Kf3 96.Kc4 Bb6 97.Kd5 Bd8 98.Ne4 g4 99.Ke5 Bc7+ 
100.Kf5 Bf4 101.Nf2 g3 102.Nd3 Bd2 103.Ne5+ Ke2 104.Kg4 g2 105.Nf3 Kf2 0-1

[Event "West European subzonal 1B (w)"]
[Site "Budel NED"]
[Date "1987.05.28"]
[Round "7"]
[White "Flear, Christine"]
[Black "Vreeken, Corry"]
[Result "1-0"]
[WhiteElo "2130"]
[BlackElo "2155"]
[EventDate "1987.05.20"]
[PlyCount "95"]

1.d4 c5 2.d5 e5 3.e4 d6 4.Nf3 Be7 5.h3 a6 6.a4 f5 7.Nc3 Nf6 8.exf5 Bxf5 9.
Bc4 h6 10.O-O O-O 11.Re1 Nbd7 12.Bd3 Bh7 13.a5 Qe8 14.Qe2 Qf7 15.Kh1 Rae8 
16.Ra4 Kh8 17.Bxh7 Nxh7 18.Be3 Qf5 19.Ne4 Qf7 20.c4 Ndf6 21.Nfd2 Qg6 22.
Ng3 Qc2 23.Ra2 Qg6 24.b4 cxb4 25.Rb2 Bd8 26.Rxb4 Bxa5 27.Rxb7 Rc8 28.Ra1 
Bxd2 29.Bxd2 Qc2 30.Rxg7 Ng5 31.Rc1 Qb2 32.Rg6 Kh7 33.Rxh6+ Kg8 34.Bxg5 
Qxe2 35.Nxe2 Ne4 36.f3 Nf2+ 37.Kg1 Nd3 38.Rc3 Rf5 39.Bf6 Kf7 40.Rxd3 Rxf6 
41.Rxf6+ Kxf6 42.Rc3 a5 43.Ng3 a4 44.Ne4+ Ke7 45.Nd2 Ra8 46.Ra3 Kd7 47.Ne4
Kc7 48.Nc3 1-0

[Event "West European subzonal 1B (w)"]
[Site "Budel NED"]
[Date "1987.05.28"]
[Round "7"]
[White "Lebel-Arias, Julia"]
[Black "Bruinenberg, Carla"]
[Result "1/2-1/2"]
[WhiteElo "2150"]
[BlackElo "2175"]
[EventDate "1987.05.20"]
[PlyCount "82"]

1.d4 Nf6 2.e3 d5 3.Bd3 c5 4.c3 e6 5.Nd2 Nc6 6.f4 Bd6 7.g3 a6 8.a4 Bd7 9.
Ngf3 c4 10.Bc2 Ng4 11.Qe2 f5 12.Ne5 Ncxe5 13.fxe5 Be7 14.e4 dxe4 15.Nxc4 
Bc6 16.Ne3 Nxe3 17.Bxe3 O-O 18.O-O b5 19.axb5 axb5 20.Bb3 Qd7 21.Rxa8 Bxa8
22.Ra1 Bc6 23.Ra6 Ra8 24.Rxa8+ Bxa8 25.Qf1 Bd5 26.c4 bxc4 27.Bxc4 Bxc4 28.
Qxc4 Kf7 29.b3 Qa7 30.Qc2 Qa5 31.Kf2 Qa3 32.Bc1 Qa5 33.Kg2 Qd5 34.Be3 Qa5 
35.Bd2 Qa6 36.Bc1 Qa8 37.Kh3 Qa6 38.Qc4 Qa1 39.Bd2 Qd1 40.Qc1 Qg4+ 41.Kg2 
Qf3+ 1/2-1/2